The best of youngblood / (Record no. 9458)

MARC details
000 -LEADER
fixed length control field 00732nam a22002297a 4500
003 - CONTROL NUMBER IDENTIFIER
control field OSt
005 - DATE AND TIME OF LATEST TRANSACTION
control field 20260415064444.0
008 - FIXED-LENGTH DATA ELEMENTS--GENERAL INFORMATION
fixed length control field 260415b |||||||| |||| 00| 0 eng d
020 ## - INTERNATIONAL STANDARD BOOK NUMBER
International Standard Book Number 9712706958
040 ## - CATALOGING SOURCE
Original cataloging agency DWCL - Main Lib.
Transcribing agency OC
082 ## - DEWEY DECIMAL CLASSIFICATION NUMBER
Classification number Fil. 305.2309 Y68 1998
100 ## - MAIN ENTRY--PERSONAL NAME
Personal name Aruta, Jorge
Relator term Editor
245 ## - TITLE STATEMENT
Title The best of youngblood /
Statement of responsibility, etc. Jorge Aruta [and two others]
260 ## - PUBLICATION, DISTRIBUTION, ETC.
Place of publication, distribution, etc. Pasig City, Philippines :
Name of publisher, distributor, etc. Anvil Publishing,
Date of publication, distribution, etc. c1998.
300 ## - PHYSICAL DESCRIPTION
Extent 265 pages ;
Dimensions 22 cm.
650 ## - SUBJECT ADDED ENTRY--TOPICAL TERM
Topical term or geographic name entry element 1. Quality of life - Philippines.
650 ## - SUBJECT ADDED ENTRY--TOPICAL TERM
Topical term or geographic name entry element 2. Social values.
650 ## - SUBJECT ADDED ENTRY--TOPICAL TERM
Topical term or geographic name entry element 3. Youth - Philippines - Conduct of life.
700 ## - ADDED ENTRY--PERSONAL NAME
Personal name I. Doyo, Ceres
Relator term Editor
700 ## - ADDED ENTRY--PERSONAL NAME
Personal name II. Jimenez-Magsanoc
Relator term Editor
942 ## - ADDED ENTRY ELEMENTS (KOHA)
Source of classification or shelving scheme Dewey Decimal Classification
Koha item type Book- Reserved
Suppress in OPAC No
952 ## - LOCATION AND ITEM INFORMATION (KOHA)
--
Holdings
Withdrawn status Lost status Source of classification or shelving scheme Damaged status Not for loan Home library Current library Shelving location Date acquired Source of acquisition Total Checkouts Full call number Barcode Date last seen Copy number Price effective from Koha item type Uniform Resource Identifier
    Dewey Decimal Classification     Junior High School Library Junior High School Library Filipiniana 12/01/2009 Library Fund   Fil. 305.2309 Y68 1998 JHS - 15449 04/15/2026 c1 04/15/2026 BK-0 CIRC